Statistics for Top Five Capitals By Category #1

Click here to take the quiz!

General Stats

  • This quiz has been taken 32,394 times
    (18,281 since last reset)
  • The average score is 26 of 42

Answer Stats

Capital City% Correct
Paris
97%
London
96%
Tokyo
95%
Beijing
93%
Moscow
92%
Washington D.C.
91%
Oslo
91%
Stockholm
87%
Helsinki
85%
Canberra
84%
Reykjavík
83%
Buenos Aires
81%
Jakarta
81%
Wellington
80%
Cairo
79%
Santiago
77%
Lima
67%
Singapore
66%
Quito
65%
Seoul
65%
Tehran
64%
Copenhagen
63%
Bogotá
59%
Manila
58%
La Paz
58%
Amsterdam
54%
Baghdad
53%
Montevideo
52%
Tallinn
51%
Abu Dhabi
50%
Dublin
49%
Kuala Lumpur
46%
Dhaka
44%
Brussels
40%
Doha
37%
Sucre
26%
Thimphu
25%
Manama
21%
Kampala
21%
Libreville
17%
São Tomé
13%
Yaren
5%

Score Distribution

Percentile by Number Answered

Percent of People with Each Score

Your Score History

You have not taken this quiz since the last reset